Statistics for USA TV Shows

Click here to take the quiz!

General Stats

  • This quiz has been taken 468 times
  • The average score is 5 of 12

Answer Stats

SummaryTV Show% Correct
Lawyer lies about being from Harvard Law to work for a firmSuits
68%
Psychic detective who helps solve crimesPsych
61%
Follows the detectives of New York City's Police Deparment as they investigate sexually based offenses (Reruns)Law and Order: Special Victims Unit
59%
Ex-con works with police to lock away criminalsWhite Collar
50%
After fleeing a blown operation in Nigeria, an agent finds himself in his hometown of Miami, Florida.Burn Notice
46%
A detective becomes discharged after his wife died in a car accident (Reruns)Monk
38%
Professional WrestlingWWE Raw
35%
A doctor who, after being wrongly blamed for a patient's death becomes a doctor for hireRoyal Pains
30%
Follows the detectives of New York City's Police Department that investigate high-profile casesLaw and Order: Criminal Intent
26%
A young CIA Trainee is sent out into the field to work at the Domestic Protection DivisionCovert Affairs
25%
A Deputy United States Marshal working for the Federal Witness Protection Program tries to manage her professional life, her relationship with her partner, and her personal lifeIn Plain Sight
15%
Lawyer changes her profession to a mediator at the law firm her father startedFairly Legal
13%

Score Distribution

Percentile by Number Answered

Percent of People with Each Score

Your Score History

You have not taken this quiz